[Event "Kstovo Kichigin Memorial op"]
[Site "Kstovo"]
[Date "2010.02.??"]
[Round "5"]
[White "Kulikov, Aleksandr"]
[Black "Gorozhanin, Mikhail"]
[Result "1-0"]
[WhiteElo "2384"]
[BlackElo "2125"]
[PlyCount "73"]
[EventDate "2010.02.??"]
[EventType "swiss"]
[EventRounds "9"]
[EventCountry "RUS"]
[SourceTitle "EXT 2014"]
[Source "ChessBase"]
[SourceDate "2013.11.20"]
[SourceVersion "1"]
[SourceVersionDate "2013.11.20"]
[SourceQuality "1"]

1. c4 Nf6 2. g3 c6 3. Bg2 d5 4. Qc2 g6 5. Nf3 Bg7 6. 0-0 0-0 7. d4 Bf5 8. Qb3 Qb6 9. Nc3 Qxb3 10. axb3 Rd8 11. Bg5 e6 12. e3 Bd3 13. Rfc1 h6 14. Ne5 hxg5 15. Nxd3 Nbd7 16. cxd5 exd5 17. Na4 Bf8 18. Nac5 Bxc5 19. dxc5 Re8 20. Ra4 a6 21. Rb4 Rab8 22. Ra1 Ne4 23. Ra5 f5 24. h3 Kg7 25. Bf1 Nd2 26. Bg2 Ne4 27. g4 Nef6 28. Kf1 Ne4 29. f3 Nef6 30. Kf2 Nh7 31. gxf5 gxf5 32. h4 Kh6 33. Bh3 gxh4 34. Rf4 Ng5 35. Rxf5 Kg6 36. Rxg5+ Kxg5 37. Bxd7 1-0

[Event "Kstovo Kichigin Memorial op"]
[Site "Kstovo"]
[Date "2010.02.??"]
[Round "6"]
[White "Kulikov, Aleksandr"]
[Black "Teterin, Sergey"]
[Result "1-0"]
[WhiteElo "2384"]
[BlackElo "2112"]
[PlyCount "93"]
[EventDate "2010.02.??"]
[EventType "swiss"]
[EventRounds "9"]
[EventCountry "RUS"]
[SourceTitle "EXT 2014"]
[Source "ChessBase"]
[SourceDate "2013.11.20"]
[SourceVersion "1"]
[SourceVersionDate "2013.11.20"]
[SourceQuality "1"]

1. e4 c6 2. d3 d5 3. Nd2 e5 4. Ngf3 Bd6 5. d4 exd4 6. exd5 Nf6 7. dxc6 Nxc6 8. Nb3 0-0 9. Be2 Bb4+ 10. Bd2 Bxd2+ 11. Qxd2 Bg4 12. 0-0 Re8 13. h3 Ne4 14. Qf4 Bh5 15. Rfe1 Qb6 16. Bc4 Nf6 17. Nbxd4 Qxb2 18. Nf5 Bg6 19. Nd6 Rxe1+ 20. Rxe1 Qxc2 21. Nh4 Rf8 22. Nxg6 Qxg6 23. Nxf7 Rxf7 24. Qc7 h6 25. Re3 Nb4 26. Qxb7 Nfd5 27. Bxd5 Nxd5 28. Qxd5 Kh7 29. Qe4 Qxe4 30. Rxe4 Rb7 31. Ra4 Rb1+ 32. Kh2 Rb7 33. Ra6 Kg8 34. f4 Rc7 35. g4 Kf8 36. Kg3 Ke7 37. Kh4 Kf7 38. f5 Rb7 39. Kh5 Rc7 40. h4 Rb7 41. g5 hxg5 42. hxg5 Re7 43. g6+ Kf8 44. Kg5 Rd7 45. Rc6 Rd8 46. a4 a5 47. Ra6 1-0

[Event "Kstovo op"]
[Site "Kstovo"]
[Date "2008.09.13"]
[Round "8"]
[White "Kulikov, Aleksandr"]
[Black "Voitsekhovsky, Stanislav"]
[Result "0-1"]
[WhiteElo "2398"]
[BlackElo "2513"]
[PlyCount "52"]
[EventDate "2008.09.06"]
[EventType "swiss"]
[EventRounds "9"]
[EventCountry "RUS"]
[SourceTitle "CBM 126 Extra"]
[Source "ChessBase"]
[SourceDate "2008.11.05"]
[SourceVersion "1"]
[SourceVersionDate "2008.11.05"]
[SourceQuality "1"]

1. Nf3 Nf6 2. d4 g6 3. c4 Bg7 4. g3 0-0 5. Bg2 d6 6. 0-0 c6 7. Nc3 Qa5 8. Qc2 e5 9. Rd1 Nbd7 10. a3 exd4 11. Nxd4 Qh5 12. Nf3 Ne5 13. Nxe5 dxe5 14. c5 Bh3 15. Ne4 Ng4 16. f3 Bxg2 17. fxg4 Bxe4 18. Qxe4 Qh3 19. Be3 f5 20. gxf5 gxf5 21. Qg2 Qg4 22. Rd6 Rae8 23. Rdd1 f4 24. Bc1 f3 25. exf3 Rxf3 26. b4 e4 0-1

[Event "Kstovo op"]
[Site "Kstovo"]
[Date "2008.09.12"]
[Round "7"]
[White "Kulikov, Aleksandr"]
[Black "Khoshev, Sergey"]
[Result "1/2-1/2"]
[WhiteElo "2398"]
[BlackElo "2157"]
[PlyCount "48"]
[EventDate "2008.09.06"]
[EventType "swiss"]
[EventRounds "9"]
[EventCountry "RUS"]
[SourceTitle "CBM 126 Extra"]
[Source "ChessBase"]
[SourceDate "2008.11.05"]
[SourceVersion "1"]
[SourceVersionDate "2008.11.05"]
[SourceQuality "1"]

1. Nf3 Nf6 2. c4 c5 3. d4 cxd4 4. Nxd4 Nc6 5. Nc3 g6 6. g3 Bg7 7. Bg2 0-0 8. 0-0 Nxd4 9. Qxd4 d6 10. Qh4 a6 11. Rd1 Qc7 12. Bg5 Be6 13. b3 Rab8 14. Rac1 Qa5 15. Bd2 Qa3 16. Rc2 Bf5 17. e4 Bd7 18. Bc1 Qa5 19. Bd2 Qa3 20. h3 Rfe8 21. Bc1 Qa5 22. Bd2 Qa3 23. Bc1 Qa5 24. Bd2 Qa3 1/2-1/2

[Event "Kstovo op"]
[Site "Kstovo"]
[Date "2008.09.11"]
[Round "6"]
[White "Dudukin, Ilya"]
[Black "Kulikov, Aleksandr"]
[Result "1-0"]
[WhiteElo "2407"]
[BlackElo "2398"]
[PlyCount "37"]
[EventDate "2008.09.06"]
[EventType "swiss"]
[EventRounds "9"]
[EventCountry "RUS"]
[SourceTitle "CBM 126 Extra"]
[Source "ChessBase"]
[SourceDate "2008.11.05"]
[SourceVersion "1"]
[SourceVersionDate "2008.11.05"]
[SourceQuality "1"]

1. Nf3 d5 2. d4 Nf6 3. c4 c6 4. Nc3 e6 5. cxd5 exd5 6. Bg5 Bd6 7. Qc2 Bg4 8. Ne5 Be6 9. e3 Nbd7 10. f4 Nf8 11. Bd3 h6 12. Bh4 g5 13. Bf2 Ng4 14. Nxg4 Bxg4 15. f5 Bh5 16. e4 dxe4 17. Nxe4 Bb4+ 18. Kf1 Nd7 19. Ng3 1-0

[Event "Chigorin Memorial 08th"]
[Site "St Petersburg"]
[Date "2000.11.04"]
[Round "4"]
[White "Kulikov, Aleksandr"]
[Black "Utnasunov, Alexander"]
[Result "1-0"]
[WhiteElo "2415"]
[BlackElo "2257"]
[PlyCount "63"]
[EventDate "2000.10.31"]
[EventType "swiss"]
[EventRounds "9"]
[EventCountry "RUS"]
[SourceTitle "EXT 2001"]
[Source "ChessBase"]
[SourceDate "2000.11.22"]
[SourceVersion "1"]
[SourceVersionDate "2000.11.22"]
[SourceQuality "1"]

1. d4 d5 2. c4 c6 3. Nf3 Nf6 4. Nc3 e6 5. e3 Nbd7 6. Qc2 Bd6 7. Bd3 0-0 8. 0-0 dxc4 9. Bxc4 e5 10. Bb3 Qe7 11. Bd2 e4 12. Ng5 Bxh2+ 13. Kxh2 Ng4+ 14. Kg1 Qxg5 15. Qxe4 Ndf6 16. Qf3 Qh6 17. Qh3 Nh5 18. Qh4 g5 19. Qh1 Qg6 20. Rac1 Ng7 21. f3 Nh6 22. g4 Be6 23. Bc2 f5 24. Rf2 Nf7 25. Ne2 Qf6 26. Bc3 Qe7 27. Ng3 Nd6 28. Qh6 Rf7 29. Re1 Kf8 30. d5 cxd5 31. Bxg7+ Rxg7 32. gxf5 1-0

[Event "RUS-Cup03 Geller Memorial"]
[Site "Moscow"]
[Date "1999.02.12"]
[Round "3"]
[White "Kalugin, Sergei G"]
[Black "Kulikov, Aleksandr"]
[Result "1/2-1/2"]
[WhiteElo "2355"]
[BlackElo "2405"]
[PlyCount "44"]
[EventDate "1999.02.10"]
[EventType "swiss"]
[EventRounds "9"]
[EventCountry "RUS"]
[SourceTitle "CBM 070"]
[Source "ChessBase"]
[SourceDate "1999.06.08"]
[SourceVersion "1"]
[SourceVersionDate "1999.06.08"]
[SourceQuality "1"]

1. d4 d5 2. c4 c6 3. Nc3 Nf6 4. e3 e6 5. Nf3 Nbd7 6. Qc2 Bd6 7. Bd2 0-0 8. 0-0-0 dxc4 9. Bxc4 c5 10. Nb5 Be7 11. dxc5 a6 12. Nd6 Nxc5 13. Bc3 Bxd6 14. Ng5 g6 15. b4 Nd5 16. bxc5 Qxg5 17. h4 Qg4 18. Bxd5 exd5 19. cxd6 Bf5 20. Qd2 Rac8 21. Kb2 Qa4 22. Rc1 Rfd8 1/2-1/2

[Event "RUS-Cup03 Geller Memorial"]
[Site "Moscow"]
[Date "1999.02.11"]
[Round "2"]
[White "Kulikov, Aleksandr"]
[Black "Ovetchkin, Roman"]
[Result "1/2-1/2"]
[WhiteElo "2405"]
[BlackElo "2511"]
[PlyCount "98"]
[EventDate "1999.02.10"]
[EventType "swiss"]
[EventRounds "9"]
[EventCountry "RUS"]
[SourceTitle "CBM 070"]
[Source "ChessBase"]
[SourceDate "1999.06.08"]
[SourceVersion "1"]
[SourceVersionDate "1999.06.08"]
[SourceQuality "1"]

1. d4 Nf6 2. c4 e6 3. Nf3 Bb4+ 4. Bd2 Qe7 5. g3 Nc6 6. Bg2 Bxd2+ 7. Nbxd2 d6 8. Nf1 e5 9. Ne3 0-0 10. 0-0 Bg4 11. Nxg4 Nxg4 12. e3 f5 13. Qb3 e4 14. Nd2 Rab8 15. Rae1 Kh8 16. f3 exf3 17. Nxf3 Nf6 18. d5 Ne5 19. Nd4 Nfd7 20. Nxf5 Qg5 21. e4 Nc5 22. Qc3 a5 23. h4 Qg4 24. Rf4 Qh5 25. Qxa5 b6 26. Qc3 Ncd3 27. Re3 Nxf4 28. gxf4 Rxf5 29. exf5 Ng4 30. Re7 Rg8 31. Qe1 Nf6 32. Qg3 Qxf5 33. Rxc7 Qb1+ 34. Kh2 Qxb2 35. a4 Qd4 36. Rc6 Nh5 37. Qg5 Nxf4 38. Rxd6 Nxg2 39. Kxg2 Qe4+ 40. Kh2 Qc2+ 41. Kh3 h6 42. Qf4 Qd3+ 43. Kg2 Qe2+ 44. Kh3 Qd3+ 45. Kg2 Re8 46. Re6 Rxe6 47. dxe6 Qe2+ 48. Kg3 Qxe6 49. Qd4 Qc6 1/2-1/2

[Event "RUS-Cup"]
[Site "Nizhnij Novgorod"]
[Date "1999.??.??"]
[Round "8"]
[White "Kulikov, Aleksandr"]
[Black "Grebionkin, Vladimir"]
[Result "1-0"]
[WhiteElo "2405"]
[BlackElo "2415"]
[PlyCount "63"]
[EventDate "1999.??.??"]
[EventType "swiss"]
[EventRounds "9"]
[EventCountry "RUS"]
[SourceTitle "EXT 2001"]
[Source "ChessBase"]
[SourceDate "2000.11.22"]
[SourceVersion "1"]
[SourceVersionDate "2000.11.22"]
[SourceQuality "1"]

1. d4 Nf6 2. Nf3 g6 3. c4 Bg7 4. Nc3 d5 5. Bg5 dxc4 6. e3 Be6 7. Nd2 c5 8. dxc5 Nd5 9. Bxc4 Nxc3 10. bxc3 Bxc4 11. Qa4+ Nd7 12. Qxc4 Rc8 13. Nb3 Qc7 14. 0-0 Nxc5 15. Bf4 e5 16. Bg3 0-0 17. Rac1 Ne6 18. Qa4 Rfd8 19. Rfd1 a6 20. Rxd8+ Qxd8 21. h4 Qd3 22. c4 e4 23. c5 Bf8 24. Be5 Nxc5 25. Nxc5 Rxc5 26. Rxc5 Bxc5 27. Qe8+ Bf8 28. Bd4 Qb1+ 29. Kh2 Qc2 30. Qe5 f6 31. Qe6+ Kg7 32. Qxf6+ 1-0

[Event "RUS-Cup"]
[Site "Nizhnij Novgorod"]
[Date "1999.??.??"]
[Round "2"]
[White "Kulikov, Aleksandr"]
[Black "Popov, Valerij"]
[Result "1/2-1/2"]
[WhiteElo "2405"]
[BlackElo "2582"]
[PlyCount "30"]
[EventDate "1999.??.??"]
[EventType "swiss"]
[EventRounds "9"]
[EventCountry "RUS"]
[SourceTitle "EXT 2001"]
[Source "ChessBase"]
[SourceDate "2000.11.22"]
[SourceVersion "1"]
[SourceVersionDate "2000.11.22"]
[SourceQuality "1"]

1. c4 e6 2. d4 d5 3. Nc3 c6 4. cxd5 exd5 5. Nf3 Bf5 6. e3 Nf6 7. Bd3 Bxd3 8. Qxd3 Bd6 9. 0-0 0-0 10. Ne5 Nfd7 11. Nf3 f5 12. Bd2 Na6 13. a3 Nc7 14. b4 b5 15. Ne2 Nf6 1/2-1/2

[Event "RUS-Cup"]
[Site "Nizhnij Novgorod"]
[Date "1999.??.??"]
[Round "9"]
[White "Yevseev, Denis"]
[Black "Kulikov, Aleksandr"]
[Result "1/2-1/2"]
[WhiteElo "2503"]
[BlackElo "2405"]
[PlyCount "42"]
[EventDate "1999.??.??"]
[EventType "swiss"]
[EventRounds "9"]
[EventCountry "RUS"]
[SourceTitle "EXT 2001"]
[Source "ChessBase"]
[SourceDate "2000.11.22"]
[SourceVersion "1"]
[SourceVersionDate "2000.11.22"]
[SourceQuality "1"]

1. d4 c5 2. d5 e5 3. e4 d6 4. c4 Be7 5. Bd3 Bg5 6. Nd2 Ne7 7. Ngf3 Bh6 8. h3 0-0 9. b3 Na6 10. Bb2 Nc7 11. Qe2 a6 12. 0-0-0 b5 13. Kb1 f6 14. Nh2 Ng6 15. g3 Bxd2 16. Rxd2 bxc4 17. bxc4 f5 18. h4 f4 19. h5 Nh8 20. Rg1 Ne8 21. Bc2 Qg5 1/2-1/2

[Event "RUS-Cup06"]
[Site "Nizhnij Novgorod"]
[Date "1998.06.30"]
[Round "2"]
[White "Kulikov, Aleksandr"]
[Black "Chernikova, Svetlana"]
[Result "1-0"]
[WhiteElo "2395"]
[BlackElo "2120"]
[PlyCount "48"]
[EventDate "1998.06.29"]
[EventType "swiss"]
[EventRounds "9"]
[EventCountry "RUS"]
[SourceTitle "EXT 2000"]
[Source "ChessBase"]
[SourceDate "1999.11.16"]
[SourceVersion "1"]
[SourceVersionDate "1999.11.16"]
[SourceQuality "1"]

1. Nf3 g6 2. c4 c5 3. Nc3 Bg7 4. g3 Nf6 5. Bg2 0-0 6. 0-0 Nc6 7. d4 cxd4 8. Nxd4 Nxd4 9. Qxd4 d6 10. Qd2 Rb8 11. b3 Bd7 12. Bb2 Qa5 13. Rfd1 Rbc8 14. h3 a6 15. a3 Qh5 16. g4 Qh4 17. Qe3 Rfe8 18. Rd4 Nxg4 19. hxg4 Bxd4 20. Qxd4 Qxg4 21. Ne4 f6 22. Nxf6+ exf6 23. Qxf6 Re5 24. Qxd6 Rg5 1-0

[Event "Kstovo"]
[Site "Kstovo"]
[Date "1998.??.??"]
[Round "5"]
[White "Kulikov, Aleksandr"]
[Black "Aleksandrov, Aleksej"]
[Result "0-1"]
[WhiteElo "2395"]
[BlackElo "2615"]
[PlyCount "96"]
[EventDate "1998.??.??"]
[EventType "tourn"]
[EventRounds "9"]
[EventCountry "RUS"]
[EventCategory "11"]
[SourceTitle "EXT 1999"]
[Source "ChessBase"]
[SourceDate "1998.11.16"]
[SourceVersion "1"]
[SourceVersionDate "1998.11.16"]
[SourceQuality "1"]

1. d4 Nf6 2. Nf3 e6 3. c4 d5 4. cxd5 exd5 5. Nc3 c6 6. Bg5 Be7 7. e3 Bf5 8. Bd3 Bxd3 9. Qxd3 Nbd7 10. 0-0 0-0 11. Rab1 a5 12. a3 h6 13. Bh4 a4 14. Qc2 b5 15. Rbc1 Re8 16. Bxf6 Bxf6 17. e4 dxe4 18. Nxe4 Re6 19. Rfd1 Qb6 20. Nxf6+ Nxf6 21. Ne5 Nd5 22. Qc5 Qxc5 23. Rxc5 Ne7 24. Rdc1 Rd8 25. Nf3 Re2 26. R5c2 Rxc2 27. Rxc2 g5 28. h3 f6 29. Kf1 h5 30. Rd2 Kf7 31. Ke2 Nd5 32. g3 Nb6 33. Kd3 Nc4 34. Rc2 Ke6 35. Kc3 Kd5 36. Re2 Nd6 37. Ne1 Re8 38. Rxe8 Nxe8 39. Kd3 Nd6 40. Nc2 Nc4 41. Ne3+ Nxe3 42. fxe3 f5 43. h4 gxh4 44. gxh4 c5 45. dxc5 Kxc5 46. e4 fxe4+ 47. Kxe4 Kc4 48. Kf5 Kb3 0-1

[Event "Kstovo"]
[Site "Kstovo"]
[Date "1998.??.??"]
[Round "8"]
[White "Kulikov, Aleksandr"]
[Black "Bologan, Viktor"]
[Result "0-1"]
[WhiteElo "2395"]
[BlackElo "2580"]
[PlyCount "48"]
[EventDate "1998.??.??"]
[EventType "tourn"]
[EventRounds "9"]
[EventCountry "RUS"]
[EventCategory "11"]
[SourceTitle "EXT 1999"]
[Source "ChessBase"]
[SourceDate "1998.11.16"]
[SourceVersion "1"]
[SourceVersionDate "1998.11.16"]
[SourceQuality "1"]

1. Nf3 d6 2. d4 g6 3. g3 Bg7 4. Bg2 Nf6 5. 0-0 0-0 6. c4 Nc6 7. d5 Na5 8. Nbd2 c5 9. a3 b5 10. cxb5 Nxd5 11. Ne1 e6 12. e4 Nc7 13. Qa4 Nb7 14. Qb3 Rb8 15. Nc4 d5 16. Ne3 Na5 17. Qa4 Nxb5 18. exd5 Nd4 19. Nd3 Nab3 20. Rb1 Bd7 21. Qxa7 Ra8 22. Qb7 Na5 23. Qxa8 Qxa8 24. Nxc5 Bb5 0-1

[Event "RUS-Cup02"]
[Site "Moscow"]
[Date "1998.??.??"]
[Round "1"]
[White "Semenov, Valeri"]
[Black "Kulikov, Aleksandr"]
[Result "1-0"]
[WhiteElo "2325"]
[BlackElo "2395"]
[PlyCount "95"]
[EventDate "1998.01.21"]
[EventType "swiss"]
[EventRounds "9"]
[EventCountry "RUS"]
[SourceTitle "EXT 1999"]
[Source "ChessBase"]
[SourceDate "1998.11.16"]
[SourceVersion "1"]
[SourceVersionDate "1998.11.16"]
[SourceQuality "1"]

1. Nf3 Nf6 2. c4 e6 3. g3 b6 4. Bg2 Bb7 5. 0-0 c5 6. Nc3 Be7 7. b3 0-0 8. Bb2 d6 9. e3 Nbd7 10. d4 cxd4 11. exd4 Rc8 12. Re1 a6 13. a4 Qc7 14. d5 e5 15. Bh3 Rb8 16. Nh4 Rfe8 17. Nf5 Bf8 18. Ne3 Bc8 19. Ng4 Nxg4 20. Bxg4 Nc5 21. Bxc8 Rexc8 22. Ne4 Qd7 23. Ba3 h6 24. Rc1 Be7 25. Qc2 f5 26. Nd2 Bg5 27. Rb1 e4 28. Bxc5 bxc5 29. Kg2 Re8 30. f4 Bf6 31. Nf1 Rb4 32. g4 h5 33. gxf5 Qxf5 34. Ng3 Qg4 35. Rxe4 Rbb8 36. h3 Qg6 37. Rxe8+ Qxe8 38. Qe4 h4 39. Qxe8+ Rxe8 40. Nf5 Re2+ 41. Kf3 Rh2 42. Nxd6 Rxh3+ 43. Ke4 g6 44. Nb7 Kf7 45. Nxc5 a5 46. Nd7 Be7 47. Ne5+ Kf6 48. Rg1 1-0